000
00155nam a22000857a 4500
082
_a
894.812
100
_a
UNKNOWN
245
_a
ENJUVADI-MANAPADAM
942
_c
BK
999
_c
8080
_d
8080